Signal processing : the modern approach /

Bibliographic Details
Main Author: Candy, James V.
Format: Book
Language:English
Published: New York : McGraw-Hill, [1988]
Series:McGraw-Hill series in electrical engineering. Communications and signal processing.
Subjects:

MARC

Tag First Indicator Second Indicator Subfields
LEADER 00000cam a2200000 a 4500
001 in00000020183
005 20180307141751.0
008 870619s1988 nyua b 00110 eng
010 |a  87016619  
020 |a 0070097518 :  |c $48.95 
035 |a (OCoLC)16277419 
035 |9 AAB3019AM 
040 |a DLC  |c DLC  |d TXA  |d UtOrBLW 
049 |a TXAM  |c [A11109204] 
050 0 0 |a TK5102.5  |b .C27 1988 
082 0 |a 321.38/043  |2 19 
100 1 |a Candy, James V. 
245 1 0 |a Signal processing :  |b the modern approach /  |c James V. Candy. 
264 1 |a New York :  |b McGraw-Hill,  |c [1988] 
264 4 |c ©1988 
300 |a xiv, 386 pages :  |b illustrations ;  |c 25 cm. 
336 |a text  |b txt  |2 rdacontent 
337 |a unmediated  |b n  |2 rdamedia 
338 |a volume  |b nc  |2 rdacarrier 
490 1 |a McGraw-Hill series in electrical engineering. Communications and signal processing 
504 |a Includes bibliographies and index. 
650 0 |a Signal processing. 
830 0 |a McGraw-Hill series in electrical engineering.  |p Communications and signal processing. 
999 |a MARS 
999 f f |s 715b4cf6-0392-3365-a18b-592d4ccb6587  |i 16813636-7919-3caf-af7c-e346619995f2  |t 0 
952 f f |p normal  |a Texas A&M University  |b College Station  |c Sterling C. Evans Library  |d Evans: Library Stacks  |t 0  |e TK5102.5 .C27 1988  |h Library of Congress classification  |i unmediated -- volume  |m A14811109204 
998 f f |a TK5102.5 .C27 1988  |t 0  |l Evans: Library Stacks